भारतीय अभिलेख और इतिहास (Record no. 1013861)

MARC details
000 -LEADER
fixed length control field 01059nam a2200277Ia 4500
003 - CONTROL NUMBER IDENTIFIER
control field OSt
005 - DATE AND TIME OF LATEST TRANSACTION
control field 20221005104816.0
008 - FIXED-LENGTH DATA ELEMENTS--GENERAL INFORMATION
fixed length control field 221004b |||||||| |||| 00| 0 san d
020 ## - INTERNATIONAL STANDARD BOOK NUMBER
International Standard Book Number 9788188808008 (hbk)
037 ## - SOURCE OF ACQUISITION
Terms of availability Textual
040 ## - CATALOGING SOURCE
Original cataloging agency CRL
Transcribing agency CRL
Language of cataloging san
041 ## - LANGUAGE CODE
Source of code san
Language code of text/sound track or separate title san
100 ## - MAIN ENTRY--PERSONAL NAME
Personal name राजपुरोहित, भगवती लाल, ले.
9 (RLIN) 623835
245 #0 - TITLE STATEMENT
Title भारतीय अभिलेख और इतिहास
246 ## - VARYING FORM OF TITLE
Title proper/short title Bhāratīya abhilekh aur itihāsa
260 ## - PUBLICATION, DISTRIBUTION, ETC.
Place of publication, distribution, etc. दिल्ली
Name of publisher, distributor, etc. शिवालिक प्रकाशन भारत
Date of publication, distribution, etc. 2019
300 ## - PHYSICAL DESCRIPTION
Extent 236पृ0
Dimensions cm.
650 ## - SUBJECT ADDED ENTRY--TOPICAL TERM
Topical term or geographic name entry element अभिलेख
650 ## - SUBJECT ADDED ENTRY--TOPICAL TERM
Topical term or geographic name entry element भारत-इतिहास
9 (RLIN) 156353
942 ## - ADDED ENTRY ELEMENTS (KOHA)
Classification part V2:72, 152Q9
Koha item type Textual
Source of classification or shelving scheme
Holdings
Withdrawn status Lost status Damaged status Not for loan Home library Current library Date acquired Source of acquisition Total Checkouts Full call number Barcode Date last seen Price effective from Koha item type
        Central Library Central Library 2022-10-05 342, 04/03/2020, Shivalik Prakashan   V2:72 152Q9 CL1678371 2022-10-05 2022-10-05 Textual
Copyright @ Delhi University Library System